| 000 | 06169njm0a22004811 4500 | ||
|---|---|---|---|
| 001 | RU\NLR\ONIZ\198142 | ||
| 005 | 20260406161430.0 | ||
| 035 | _a(NLR Aleph) 010888770 | ||
| 035 | _aRU\NLR\ONIZ\GALA\5000011961\20140508114441 | ||
| 090 |
_a13283126 _c13283126 |
||
| 100 | _a20140508d2001 |||y0rusy50 ca | ||
| 102 | _aRU | ||
| 126 |
_aaguxhxu ux _bxxx |
||
| 127 | _a000060 | ||
| 135 | _ahonoannnanndn | ||
| 200 | 1 |
_aРомансы на стихи К.Р. _bЗвукозапись _fисполн.: В. Гурков, баритон, Т. Населенко, фп. |
|
| 210 |
_aПетербург _cВ.Н. Гурков _d2001 |
||
| 215 |
_a1 зв. диск (60 мин), в футл. _eприл. (3 с.) |
||
| 327 | 1 |
_a1. Молитва : (1886) / К. Р. ; слова и музыка ; _a2. Шесть романсов ; соч. 1880г. / К. Р. ; стихи В. Гюго, пер. К. Р.. _a3. Шесть романсов : соч. 63, 1887 г. / П. И. Чайковский ; стихи К. Р. ; _a4. О нет, за красоту ты не люби меня / П. И. Чайковский ; стихи К. Р., пер. из Ф. Рюккерта. _a5. Колокола : (соч. 1889г.) / А. Н. Алфераки ; стихи К. Р.. _a6. Текст : (о романсах В. Гуркова) / чит. З. А. Дмитриева. _a7. Вокальный цикл "Из..." / В. Гурков ; рус. текст К. Р. (Романов К .К.) |
|
| 464 | 0 |
_12001#$aМолитва$e(1886)$fК. Р.$gслова и музыка _1686##$aЩ943.2-043(28)$vLBC/SL$2rubbk _1700#1$aКонстантин Константинович$cвеликий князь$f1858-1915$3RU\NLR\AUTH\778811$4070$7ca _tМолитва _aКонстантин Константинович (великий князь ; 1858-1915) |
|
| 464 | 0 |
_12001#$aШесть романсов$aсоч. 1880г.$fК. Р.$gстихи В. Гюго, пер. К. Р. _13271#$a1. Луч денницы; 2. Не верь мне, друг; 3. Он уже снился мне когда-то; 4. О, не пытайся дух унять тревожный; 5. Далеко на синем море; 6. Горними тихо летела душа небесами; 7. Текст. _1686##$aЩ943.2-043.2(28)$vLBC/SL$2rubbk _1700#1$9z01790$aКонстантин Константинович$cвеликий князь$f1858-1915$3RU\NLR\AUTH\778811$4230$7ca _1702#1$9z01790$aГюго$bВ.$gВиктор$f1802-1885$4520 _1790#1$9z01702$aHugo$bV.$gVictor$f1802-1885$4520 _1790#1$9z01700$aКонстантин Константинович$cвеликий князь$f1858-1915$3RU\NLR\AUTH\778811$4230$7ba _tсоч. 1880г. _aКонстантин Константинович (великий князь ; 1858-1915) |
|
| 464 | 0 |
_12001#$aШесть романсов$eсоч. 63, 1887 г.$fП. И. Чайковский$gстихи К. Р. _13271#$a1. Ты сначала меня не любила; 2. Растворил я окно; 3. Я вам не нравлюсь; 4. Первое свидание; 5. Уж гасли в комнатах огни; 6. О, дитя! : серенада _1686##$aЩ943.2-043.2(28)$vLBC/SL$2rubbk _1701#1$9z01790$aЧайковский$bП. И.$gПетр Ильич$f1840-1893$3RU\NLR\AUTH\7710326$4230$7ca _1790#1$9z01701$aTchaikovsky$bP. I.$gPeter Ilich$f1840-1893$4230 _tШесть романсов |
|
| 464 | 0 |
_12001#$aО нет, за красоту ты не люби меня$fП. И. Чайковский$gстихи К. Р., пер. из Ф. Рюккерта _1701#1$9z01790$aЧайковский$bП. И.$gПетр Ильич$f1840-1893$3RU\NLR\AUTH\7710326$4230$7ca _1702#1$9z01790$aРюкерт$bФ.$gФридрих$f1788-1866$4520 _1790#1$9z01701$aTchaikovsky$bP. I.$gPeter Ilich$f1840-1893$4230 _1790#1$9z01702$aRückert$bF.$gFriedrich$cpoet$f1788-1866$4520 _tО нет, за красоту ты не люби меня |
|
| 464 | 0 |
_12001#$aКолокола$e(соч. 1889г.)$fА. Н. Алфераки$gстихи К. Р. _1686##$aЩ943.2-043(28)$vLBC/SL$2rubbk _1701#1$9z01790$aАлфераки$bА. Н.$gАхиллес Николаевич$f1846 - 1919$4230 _1790#1$9z01701$aAlpheraki$bA.$gAhilles$ccomposer$f1846 - 1919$4230 _tКолокола |
|
| 464 | 0 |
_12001#$aТекст$e(о романсах В. Гуркова)$fчит. З. А. Дмитриева _1702#1$9z01790$aДмитриева$bЗ.$gЗинаида$f1938$4005 _1790#1$9z01702$aDmitrieva$bZ.$gZinaida$f1938$4005 _tТекст |
|
| 464 | 0 |
_12001#$aВокальный цикл "Из..."$fВ. Гурков$gрус. текст К. Р. (Романов К .К.) _13271#$a1. Из Апокалипсиса; 2. Из Сюлли-Прюдома: Глаза; 3. Из Рюккерта: Три птицы; 4. Из Стеккетти: Когда спадут листы 5. Из Виктора Гюго: Фонтану нимфы; 6. Молитва Никодима: Из "Царя Иудейского". _1701#1$9z01790$aГурков$bВ. Н.$gВладимир Нестерович$cсост.$f1936 -$4070 _1790#1$9z01701$aGurkov$bV. N.$gVladimir Nesterovich$f1936 -$4070 _tВокальный цикл "Из..." |
|
| 606 | 1 |
_aРомансы для баритона _x3вукозапись _yРоссия _z19-20вв. _2nlr_sh |
|
| 686 |
_aЩ943.2-043.я43(28) _vLBC/SL _2rubbk |
||
| 700 | 0 |
_4230 _8rus _7ca _aКонстантин Константинович _cвеликий князь _f1858-1915 _3RU\NLR\AUTH\778811 _9118695 |
|
| 702 | 1 |
_9z11790 _aГурков _bВ. Н. _cсост. _f1936 - _gВладимир Нестерович _4590 _4vbr |
|
| 702 | 1 |
_9z12790 _aНаселенко _bТ. _cфортепиано _gТатьяна _4590 _4kfp |
|
| 790 | 1 |
_4230 _7ba _8rus _aKonstantin Konstantinovič _cвеликий князь _f1858-1915 _9259956 _3RU\NLR\AUTH\770260012 |
|
| 790 | 1 |
_9z11702 _aGurkov _bV. N. _f1936 - _gVladimir Nesterovich _4590 _4vbr |
|
| 790 | 1 |
_9z12702 _aNaselenko _bT. _cpianoforte _gTat'yana _4590 _4kfp |
|
| 801 | 0 |
_aRU _bNLR _c20140508 _gPSBO |
|
| 801 | 1 |
_aRU _bNLR _c20140508 _2rusmarc |
|
| 801 | 2 |
_aRU _bNLR _c20180606 |
|
| 852 |
_aNLR _bМг _jД/1121 _p2665 _t1 |
||
| 942 | _cREC | ||
| 980 | _aNB | ||
| 980 | _aONIZ | ||